| 000 | 00692nam a22001817a 4500 | ||
|---|---|---|---|
| 999 |
_c18575 _d18575 |
||
| 003 | AR-CdUCM | ||
| 008 | 190514b ||||| |||| 00| 0 spa d | ||
| 040 |
_aMUNICIPALIDAD PROVINCIAL DEL CUSCO _cBIBLIOTECA MUNICIPAL DEL CUSCO |
||
| 082 |
_a348 / _bR41 |
||
| 100 |
_aRendón Vasquez, Jorge _99924 |
||
| 245 |
_aDerecho del trabajo : _brelaciones colectivas en la actividad privada y en la administración pública / |
||
| 260 |
_aLima : _bTarpuy, _c1989. |
||
| 300 |
_a336 páginas : _c21 cm. |
||
| 505 | _aLas organizaciones sindicales -- La formación de los movimientos sindicales -- Fuentes del derecho sindical... | ||
| 650 |
_aSindicatos. _92512 |
||
| 942 |
_2ddc _cLIBROS |
||
| 945 | _awfj | ||